[Event "Bad Woerishofen op"]
[Site "?"]
[Date "2003.??.??"]
[Round "8"]
[White "Magar, Johannes"]
[Black "Pflug, Mathias"]
[Result "0-1"]
[WhiteElo "2124"]
[BlackElo "2241"]
[Annotator "ChessOrg"]
[PlyCount "40"]

1. e4 c5 2. Nf3 d6 3. Bb5+ Nd7 4. d4 Ngf6 5. Nc3 cxd4 6. Qxd4 e5 7. Qd3 h6 8.
O-O Be7 9. Re1 O-O 10. Bxd7 Bxd7 11. b3 Rc8 12. Bb2 Qc7 13. Re2 Rfd8 14. Nd5
Nxd5 15. Qxd5 b5 16. a3 Bc6 17. Qd3 f5 18. Nd2 fxe4 19. Nxe4 d5 20. Qg3 dxe4
0-1

[Event "Bad Woerishofen op"]
[Site "?"]
[Date "2003.??.??"]
[Round "8"]
[White "Pohl, Walter"]
[Black "Graf, Christian"]
[Result "1/2-1/2"]
[WhiteElo "2121"]
[BlackElo "2231"]
[Annotator "ChessOrg"]
[PlyCount "27"]

1. c4 c6 2. Nf3 d5 3. b3 Bg4 4. Ne5 Bf5 5. Bb2 Nd7 6. Nf3 e6 7. g3 h6 8. Bg2
Ngf6 9. O-O Be7 10. d3 O-O 11. Nbd2 Bh7 12. Qc2 a5 13. a3 Qb6 14. Bc3 1/2-1/2

[Event "Bad Woerishofen op"]
[Site "?"]
[Date "2003.??.??"]
[Round "8"]
[White "Fahnenschmidt, Gerhard"]
[Black "Walton, Alan"]
[Result "0-1"]
[WhiteElo "2220"]
[BlackElo "2144"]
[Annotator "ChessOrg"]
[PlyCount "108"]

1. d4 e6 2. c4 f5 3. Nc3 Nf6 4. f3 Bb4 5. Bd2 Nc6 6. d5 Ne5 7. Qb3 Qe7 8. O-O-O
O-O 9. e4 fxe4 10. Nxe4 Bxd2+ 11. Nxd2 exd5 12. cxd5 Qc5+ 13. Kb1 d6 14. g4
Nfxg4 15. fxg4 Bxg4 16. Ne4 Bxd1 17. Qxd1 Qe3 18. Ng3 Rf2 19. N1e2 Nc4 20. Bh3
Raf8 21. Ka1 Qe5 22. Be6+ Kh8 23. Qc2 b5 24. Re1 Rxh2 25. Qc3 Qxc3 26. bxc3
Rff2 27. Nc1 g6 28. Bd7 Na3 29. Re8+ Kg7 30. Nge2 h5 31. Kb2 Nc4+ 32. Kb3 a6
33. a4 Nb6 34. axb5 Nxd7 35. bxa6 Nc5+ 36. Kc4 Nxa6 37. Nd4 Nc5 38. Nd3 Nxd3
39. Kxd3 Rd2+ 40. Kc4 Rxd4+ 41. Kxd4 Rf2 42. Rc8 Rf7 43. c4 h4 44. c5 dxc5+ 45.
Kxc5 h3 46. Re8 h2 47. Re1 g5 48. Kc6 g4 49. Ra1 g3 50. Ra3 h1=Q 51. Rxg3+ Kf8
52. Rc3 Rf6+ 53. Kxc7 Qxd5 54. Kc8 Rc6+ 0-1

[Event "Bad Woerishofen op"]
[Site "?"]
[Date "2003.??.??"]
[Round "8"]
[White "Schenk, Uwe"]
[Black "Ballon, Guenter-Jan"]
[Result "1/2-1/2"]
[WhiteElo "2116"]
[BlackElo "2219"]
[Annotator "ChessOrg"]
[PlyCount "34"]

1. Nf3 d5 2. d4 c6 3. c4 e6 4. Qc2 Nf6 5. Bg5 Nbd7 6. e3 Qa5+ 7. Nc3 Ne4 8.
cxd5 exd5 9. Bd3 Nxg5 10. Nxg5 h6 11. Nf3 Bd6 12. O-O O-O 13. a3 Nf6 14. b4 Qc7
15. h3 Qe7 16. b5 Bd7 17. a4 Rfe8 1/2-1/2

[Event "Bad Woerishofen op"]
[Site "?"]
[Date "2003.??.??"]
[Round "8"]
[White "Simonsen, Hans"]
[Black "Maugg, Ludwig"]
[Result "1/2-1/2"]
[WhiteElo "2213"]
[BlackElo "2136"]
[Annotator "ChessOrg"]
[PlyCount "103"]

1. e4 c5 2. Nf3 Nc6 3. c3 e6 4. d4 d5 5. exd5 exd5 6. Be3 c4 7. b3 cxb3 8. axb3
Bd6 9. Bd3 Nge7 10. Nbd2 Bf5 11. Qb1 Bxd3 12. Qxd3 Qc7 13. O-O h6 14. c4 O-O
15. Rfe1 Qd7 16. Rad1 Rfe8 17. Nb1 Rad8 18. Nc3 Nb4 19. Qd2 Qf5 20. Re2 Ng6 21.
Nb5 Nc6 22. Nxd6 Rxd6 23. Ree1 Rde6 24. Rc1 Nf8 25. Red1 Nd7 26. b4 Nf6 27. b5
Ne4 28. Qa2 Ne7 29. Qxa7 dxc4 30. Qxb7 Nd6 31. Qd7 Nd5 32. Ne5 Rxe5 33. dxe5
Qxd7 34. Rxd5 Re6 35. exd6 Rxd6 36. Rxd6 Qxd6 37. b6 Qc6 38. Rb1 Qb7 39. Rb4 c3
40. Rc4 Qd5 41. Rc8+ Kh7 42. h3 c2 43. Kh2 Qb3 44. Rc7 Kg6 45. g3 Kf5 46. b7 f6
47. Rxg7 Qxe3 48. fxe3 c1=Q 49. g4+ Ke4 50. b8=Q Qd2+ 51. Kg3 Qe1+ 52. Kg2
1/2-1/2

[Event "Bad Woerishofen op"]
[Site "?"]
[Date "2003.??.??"]
[Round "8"]
[White "Bintakies, Michael"]
[Black "Teich, Udo"]
[Result "1-0"]
[WhiteElo "2209"]
[BlackElo "2104"]
[Annotator "ChessOrg"]
[PlyCount "47"]

1. d4 Nf6 2. Nf3 b6 3. Bg5 d5 4. Nbd2 Bb7 5. e3 e6 6. Ne5 Be7 7. Bd3 Nfd7 8.
Bxe7 Qxe7 9. f4 Nc6 10. c3 Ncxe5 11. fxe5 Qg5 12. Qe2 Qh6 13. O-O O-O 14. Rf3
f5 15. exf6 g6 16. Raf1 Rf7 17. e4 e5 18. exd5 Bxd5 19. Rh3 Qf8 20. dxe5 Re8
21. Re3 Qc5 22. b4 Qxc3 23. Bxg6 Qd4 24. Bxf7+ 1-0

[Event "Bad Woerishofen op"]
[Site "?"]
[Date "2003.??.??"]
[Round "8"]
[White "Bjarnason, Oskar"]
[Black "Holscher, Peter"]
[Result "1-0"]
[WhiteElo "2195"]
[BlackElo "2090"]
[Annotator "ChessOrg"]
[PlyCount "41"]

1. e4 d6 2. d4 Nf6 3. Nc3 c6 4. f4 b5 5. Bd3 a6 6. Nf3 g6 7. O-O Bg7 8. h3 O-O
9. Qe1 b4 10. Na4 a5 11. f5 d5 12. e5 Ne4 13. fxg6 fxg6 14. Bxe4 dxe4 15. Qxe4
Be6 16. Qh4 Bd5 17. Bg5 Ra7 18. Nc5 Rf5 19. Nh2 h6 20. Rxf5 hxg5 21. Rxg5 1-0

[Event "Bad Woerishofen op"]
[Site "?"]
[Date "2003.??.??"]
[Round "8"]
[White "Hornung, Hans"]
[Black "Woerl, Richard"]
[Result "0-1"]
[WhiteElo "2189"]
[BlackElo "2087"]
[Annotator "ChessOrg"]
[PlyCount "154"]

1. Nf3 d5 2. d3 Bf5 3. g3 Nd7 4. Bg2 c6 5. O-O e6 6. Qe1 Ngf6 7. Nbd2 Bg4 8. e4
dxe4 9. dxe4 e5 10. Nc4 Bxf3 11. Bxf3 Bc5 12. b4 Be7 13. Bb2 Qc7 14. Qc3 O-O-O
15. a4 h5 16. b5 h4 17. Nxe5 hxg3 18. hxg3 Bb4 19. Qxb4 Nxe5 20. Bxe5 Qxe5 21.
bxc6 bxc6 22. Rab1 Rd7 23. Be2 Re8 24. Ba6+ Kd8 25. Qb8+ Qxb8 26. Rxb8+ Ke7 27.
Rxe8+ Kxe8 28. e5 Ng4 29. Bc8 Rd4 30. Re1 Rxa4 31. e6 f6 32. Bd7+ Ke7 33. Bxc6
Rc4 34. Be4 a5 35. f4 Rc3 36. Bd3 a4 37. f5 Ne5 38. Ra1 Nxd3 39. cxd3 a3 40.
Kf2 Rxd3 41. Rb1 Rd2+ 42. Ke3 Rb2 43. Rd1 Rb7 44. Ra1 Ra7 45. Ra2 Kd6 46. Kd4
g6 47. g4 Ra4+ 48. Kc3 Rxg4 49. Rd2+ Ke7 50. Rd7+ Ke8 51. fxg6 Rxg6 52. Rf7
Rg3+ 53. Kd4 Rg4+ 54. Kd5 Ra4 55. Rh7 a2 56. Rh8+ Ke7 57. Rh7+ Kf8 58. Rh8+ Kg7
59. e7 a1=Q 60. Rg8+ Kh6 61. Rh8+ Kg5 62. e8=Q Qd4+ 63. Ke6 Qe5+ 64. Kf7 Qxe8+
65. Rxe8 f5 66. Rg8+ Kh4 67. Kf6 f4 68. Kf5 f3 69. Rh8+ Kg3 70. Rg8+ Kh2 71.
Rh8+ Kg1 72. Rg8+ Kf1 73. Rb8 f2 74. Rh8 Rd4 75. Rf8 Ke2 76. Re8+ Kd1 77. Ra8
f1=Q+ 0-1

[Event "Bad Woerishofen op"]
[Site "?"]
[Date "2003.??.??"]
[Round "8"]
[White "Deues, Erik"]
[Black "Babar, Michael"]
[Result "1/2-1/2"]
[WhiteElo "2100"]
[BlackElo "2187"]
[Annotator "ChessOrg"]
[PlyCount "54"]

1. d4 d5 2. Nf3 c6 3. c4 e6 4. Nc3 dxc4 5. a4 Bb4 6. g3 Nf6 7. Bg2 Nd5 8. Bd2
Qa5 9. Qc1 Nd7 10. e4 Nxc3 11. bxc3 Be7 12. O-O O-O 13. Re1 Qd8 14. a5 c5 15.
Bf1 b5 16. axb6 Nxb6 17. Ne5 Bb7 18. dxc5 Bxc5 19. Nxc4 Nxc4 20. Bxc4 Qf6 21.
Be3 Rfc8 22. Bxc5 Rxc5 23. Qb2 Rxc4 24. Qxb7 Rf8 25. Re3 Qe5 26. Rxa7 Rxc3 27.
Rxc3 Qxc3 1/2-1/2

[Event "Bad Woerishofen op"]
[Site "?"]
[Date "2003.??.??"]
[Round "8"]
[White "Schaefer, Michael"]
[Black "Neumann, Peter"]
[Result "1-0"]
[WhiteElo "2186"]
[BlackElo "2026"]
[Annotator "ChessOrg"]
[PlyCount "55"]

1. d4 Nf6 2. Nf3 e6 3. c4 b6 4. a3 Bb7 5. Nc3 Be7 6. d5 exd5 7. cxd5 O-O 8. g3
d6 9. Bg2 Nbd7 10. O-O Ng4 11. h3 Nge5 12. Nd4 f5 13. Ne6 Qe8 14. Nxc7 Qg6 15.
Nxa8 Bxa8 16. Bf4 Nc5 17. Rc1 Bg5 18. Bxg5 Qxg5 19. f4 Qxg3 20. fxe5 dxe5 21.
b4 Ne6 22. Rf3 Qg5 23. dxe6 Bxf3 24. exf3 e4 25. fxe4 fxe4 26. Nxe4 Qf4 27. e7
Re8 28. Qd5+ 1-0

[Event "Bad Woerishofen op"]
[Site "?"]
[Date "2003.??.??"]
[Round "8"]
[White "Guenther, Thomas"]
[Black "Sailer, Wolfgang"]
[Result "0-1"]
[WhiteElo "2090"]
[BlackElo "2182"]
[Annotator "ChessOrg"]
[PlyCount "84"]

1. d4 Nf6 2. Nf3 g6 3. c4 Bg7 4. Nc3 d5 5. Bf4 O-O 6. e3 c5 7. dxc5 Qa5 8. Nd2
dxc4 9. Bxc4 Qxc5 10. Rc1 Nc6 11. a3 Bg4 12. f3 Bf5 13. b4 Qb6 14. Na4 Qd8 15.
e4 e5 16. Be3 Bc8 17. Nb3 Nd7 18. Nac5 Nb6 19. Be2 Nd4 20. Nxd4 exd4 21. Bf4 f5
22. Qb3+ Kh8 23. O-O Qe7 24. Bd2 Re8 25. a4 Nd7 26. Bd3 Ne5 27. Bb5 Rd8 28. f4
Ng4 29. e5 b6 30. Na6 Be6 31. Qd3 Rac8 32. h3 Nh6 33. Rxc8 Bxc8 34. Rc1 Qb7 35.
Bc6 Qxa6 36. b5 Qxa4 37. Rb1 Be6 38. Bb4 Qa2 39. Be7 Rc8 40. Bd6 Nf7 41. Be7
Bc4 42. Qd1 Bd5 0-1

[Event "Bad Woerishofen op"]
[Site "?"]
[Date "2003.??.??"]
[Round "8"]
[White "Grosser, Walter"]
[Black "Fischer, Manfred"]
[Result "1/2-1/2"]
[WhiteElo "2096"]
[BlackElo "2180"]
[Annotator "ChessOrg"]
[PlyCount "21"]

1. d4 Nf6 2. Nf3 c5 3. c3 b6 4. g3 Bb7 5. Bg2 e6 6. Bg5 Be7 7. O-O O-O 8. e3 d6
9. Nbd2 Nbd7 10. Re1 Rc8 11. Nh4 1/2-1/2

[Event "Bad Woerishofen op"]
[Site "?"]
[Date "2003.??.??"]
[Round "8"]
[White "Wittfoth, Kai-Uwe"]
[Black "Wiest, Georg"]
[Result "1-0"]
[WhiteElo "2175"]
[BlackElo "2084"]
[Annotator "ChessOrg"]
[PlyCount "51"]

1. d4 d5 2. c4 c6 3. Nf3 Nf6 4. Nc3 a6 5. c5 Bf5 6. Qb3 Qc8 7. h3 Ne4 8. Bf4 f6
9. Na4 Nd7 10. g4 Be6 11. g5 Bf7 12. gxf6 gxf6 13. h4 e6 14. Bh3 h5 15. Nd2
Nxd2 16. Kxd2 Be7 17. Rhg1 f5 18. Rg2 Bxh4 19. Rag1 Bf6 20. Bd6 Bxd4 21. Qd3
Be5 22. Bxf5 Bxd6 23. cxd6 b5 24. Bg6 Ne5 25. Bxf7+ Kd7 26. Nb6+ 1-0

[Event "Bad Woerishofen op"]
[Site "?"]
[Date "2003.??.??"]
[Round "8"]
[White "Perman, Torvald"]
[Black "Schiffer, Steve"]
[Result "0-1"]
[WhiteElo "2083"]
[BlackElo "2171"]
[Annotator "ChessOrg"]
[PlyCount "58"]

1. c4 g6 2. Nc3 Bg7 3. g3 Nf6 4. Bg2 O-O 5. d4 d6 6. Nf3 Nbd7 7. O-O c5 8. b3
Rb8 9. Bb2 b6 10. Qd2 e5 11. dxe5 dxe5 12. Rad1 Qe7 13. Qd6 Re8 14. Qxe7 Rxe7
15. Nd5 Nxd5 16. cxd5 e4 17. d6 Re8 18. Ng5 Bxb2 19. Bxe4 Bb7 20. Bxb7 Rxb7 21.
Rd2 Bc3 22. Rc2 Bf6 23. f4 Bxg5 24. fxg5 Re5 25. h4 Rd5 26. e4 Rxd6 27. Rcf2
Ne5 28. Rf6 Rxf6 29. gxf6 Rd7 0-1

[Event "Bad Woerishofen op"]
[Site "?"]
[Date "2003.??.??"]
[Round "8"]
[White "Vossenkuhl, Joachim"]
[Black "Laurent, Michel"]
[Result "1/2-1/2"]
[WhiteElo "2166"]
[BlackElo "2012"]
[Annotator "ChessOrg"]
[PlyCount "45"]

1. Nf3 Nf6 2. c4 g6 3. Nc3 Bg7 4. e4 d6 5. d4 O-O 6. Be2 e5 7. O-O Nc6 8. d5
Ne7 9. Ne1 Nd7 10. Be3 f5 11. f3 f4 12. Bf2 g5 13. g4 Ng6 14. Nd3 Nf6 15. c5 h5
16. h3 hxg4 17. hxg4 Rf7 18. cxd6 cxd6 19. b4 Bf8 20. a4 Be7 21. a5 Qf8 22. Kg2
Bd7 23. Rh1 1/2-1/2

[Event "Bad Woerishofen op"]
[Site "?"]
[Date "2003.??.??"]
[Round "8"]
[White "Ross, Matthias"]
[Black "Kugelmann, Werner"]
[Result "0-1"]
[WhiteElo "1796"]
[BlackElo "2165"]
[Annotator "ChessOrg"]
[PlyCount "46"]

1. e4 e6 2. d4 d5 3. e5 c5 4. c3 Nc6 5. Nf3 Qb6 6. Bd3 cxd4 7. cxd4 Bd7 8. O-O
Nxd4 9. Nxd4 Qxd4 10. Nc3 a6 11. Re1 Ne7 12. Kh1 Nc6 13. f4 Nb4 14. Bb5 Qxd1
15. Bxd7+ Kxd7 16. Rxd1 Nc2 17. Rb1 b5 18. Bd2 Be7 19. Rbc1 Nb4 20. Be3 Rhc8
21. a3 Nc6 22. Ne4 Na5 23. g4 Nc4 0-1

[Event "Bad Woerishofen op"]
[Site "?"]
[Date "2003.??.??"]
[Round "8"]
[White "Otterstaetter, Stefan"]
[Black "Roesner, Harald"]
[Result "1-0"]
[WhiteElo "2165"]
[BlackElo "2000"]
[Annotator "ChessOrg"]
[PlyCount "61"]

1. d4 d5 2. Nf3 Nf6 3. c4 dxc4 4. e3 Bg4 5. Bxc4 e6 6. h3 Bh5 7. Nbd2 Nbd7 8.
b3 c5 9. Bb2 cxd4 10. exd4 Be7 11. O-O O-O 12. Re1 Nb6 13. Be2 Rc8 14. a3 Nbd5
15. Rc1 Rxc1 16. Qxc1 Qb8 17. Ne5 Rc8 18. Qd1 Bg6 19. Nxg6 hxg6 20. Bf1 Qf4 21.
g3 Qf5 22. Nc4 Ne4 23. Rxe4 Qxe4 24. Bd3 Ne3 25. Nxe3 Qc6 26. h4 Rd8 27. h5 g5
28. h6 Bf6 29. Qh5 Bxd4 30. Bxd4 f5 31. Qg6 1-0

[Event "Bad Woerishofen op"]
[Site "?"]
[Date "2003.??.??"]
[Round "8"]
[White "Heinicke, Wenke"]
[Black "Hillenbrand, Alexander"]
[Result "0-1"]
[WhiteElo "2064"]
[BlackElo "2155"]
[Annotator "ChessOrg"]
[PlyCount "68"]

1. c4 Nf6 2. Nc3 g6 3. e4 d6 4. d4 Bg7 5. f3 O-O 6. Be3 c5 7. d5 a6 8. a4 Qa5
9. Qd2 Re8 10. Nge2 Nbd7 11. Nc1 Rb8 12. Be2 Nf8 13. O-O Bd7 14. Ra3 Qc7 15.
Bd3 e6 16. a5 exd5 17. cxd5 Bc8 18. N1e2 N8d7 19. Ng3 Ne5 20. Be2 h5 21. h3
Ned7 22. Ra4 b6 23. axb6 Nxb6 24. Ra2 Bb7 25. Kh1 h4 26. Bxa6 Bxa6 27. Rxa6 Nc4
28. Qf2 hxg3 29. Qg1 Nxe3 30. Qxe3 Nh5 31. f4 Rxb2 32. Qf3 Rf2 33. Rxf2 gxf2
34. Nd1 f1=Q+ 0-1

[Event "Bad Woerishofen op"]
[Site "?"]
[Date "2003.??.??"]
[Round "8"]
[White "Boettcher, Ulrich"]
[Black "Hanisch, Pavel"]
[Result "0-1"]
[WhiteElo "2023"]
[BlackElo "2144"]
[Annotator "ChessOrg"]
[PlyCount "106"]

1. e4 c5 2. b4 cxb4 3. a3 Nc6 4. axb4 Nxb4 5. c3 Nc6 6. d4 g6 7. Bd3 Bg7 8. Ne2
Nf6 9. O-O O-O 10. f4 d6 11. f5 e6 12. Bg5 Qc7 13. Na3 exf5 14. exf5 Ne7 15.
fxg6 fxg6 16. Nb5 Qb6 17. Bf4 Nf5 18. Bxf5 Bxf5 19. Nxd6 Be6 20. Rb1 Qc6 21.
Be5 b6 22. Nf4 Bc4 23. Rf3 Nd5 24. Ne6 Ne3 25. Rxe3 Rf1+ 26. Qxf1 Bxf1 27. Rxf1
Bxe5 28. dxe5 Qd5 29. Ng5 a5 30. Ngf7 Qc5 31. Rfe1 a4 32. e6 a3 33. Ne4 Qe7 34.
Nd2 a2 35. Nb3 Qc7 36. Na1 b5 37. Ng5 Kg7 38. e7 Qa7 39. Kh1 Re8 40. Ne6+ Kg8
41. Nd4 Qc5 42. Ndc2 Qc4 43. h3 Kg7 44. Nb4 h5 45. R1e2 Kh6 46. Rxa2 Qf1+ 47.
Kh2 Qf4+ 48. g3 Qxe3 49. Nd5 Qe5 50. Rd2 h4 51. Nb3 Qxg3+ 52. Kh1 Qxh3+ 53. Kg1
Qg4+ 0-1

[Event "Bad Woerishofen op"]
[Site "?"]
[Date "2003.??.??"]
[Round "8"]
[White "Huhndorf, Arnold"]
[Black "Eschle, Hubert"]
[Result "1-0"]
[WhiteElo "2221"]
[BlackElo "1969"]
[Annotator "ChessOrg"]
[PlyCount "33"]

1. d4 d5 2. c4 c6 3. Nf3 Nf6 4. Qc2 e6 5. Nbd2 Nbd7 6. g3 Bd6 7. Bg2 O-O 8. O-O
e5 9. cxd5 Nxd5 10. Nc4 Bc7 11. dxe5 Qe7 12. b3 Nxe5 13. Nfxe5 Bxe5 14. Ba3 Qf6
15. Nxe5 Qxe5 16. Bxf8 Kxf8 17. Qxh7 1-0

[Event "Bad Woerishofen op"]
[Site "?"]
[Date "2003.??.??"]
[Round "8"]
[White "Oud, Niek"]
[Black "Schmidt, Andreas"]
[Result "1/2-1/2"]
[WhiteElo "2123"]
[BlackElo "2245"]
[Annotator "ChessOrg"]
[PlyCount "131"]

1. d4 Nf6 2. c4 d6 3. Nf3 g6 4. Nc3 Bg7 5. e4 O-O 6. Be2 e5 7. dxe5 dxe5 8.
Qxd8 Rxd8 9. Bg5 Re8 10. O-O-O h6 11. Bh4 Na6 12. Ne1 c6 13. f3 Be6 14. Nc2 Nc7
15. Rd2 Nh5 16. Rhd1 Bf8 17. Bf2 Be7 18. Be3 Kg7 19. g3 Bg5 20. Bxg5 hxg5 21.
Ne3 Nf6 22. c5 Rh8 23. Bf1 Rh7 24. Rc2 a5 25. b3 Rah8 26. Rdd2 Bc8 27. Bc4 Ne6
28. Bxe6 Bxe6 29. Kb2 Kf8 30. Rd8+ Ke7 31. Rxh8 Rxh8 32. Rd2 Rd8 33. Rxd8 Kxd8
34. Ka3 Kc7 35. b4 axb4+ 36. Kxb4 Nd7 37. a4 f5 38. a5 f4 39. gxf4 gxf4 40. Nf1
g5 41. Nd2 Bf7 42. Ne2 Nb8 43. Nc4 Nd7 44. Ng1 Be6 45. Nd2 Kb8 46. Nc4 g4 47.
fxg4 Bxg4 48. Nd2 Ka7 49. h4 Ka6 50. Ngf3 Bh5 51. Ng5 Nf8 52. Nc4 Ng6 53. Nh3
Be2 54. Nf2 Bxc4 55. h5 Bf7 56. hxg6 Bxg6 57. Ka4 Bf7 58. Kb4 f3 59. Ka4 Bc4
60. Kb4 Bb5 61. Ng4 Bd3 62. Nf2 Be2 63. Ka4 Bc4 64. Kb4 Ba2 65. Ka3 Bb1 66. Kb2
1/2-1/2

[Event "Bad Woerishofen op"]
[Site "?"]
[Date "2003.??.??"]
[Round "8"]
[White "Eichler, Gottfried"]
[Black "Bischoff, Dieter"]
[Result "1/2-1/2"]
[WhiteElo "2112"]
[BlackElo "2212"]
[Annotator "ChessOrg"]
[PlyCount "34"]

1. Nf3 Nf6 2. g3 g6 3. Bg2 Bg7 4. O-O O-O 5. d4 d6 6. a4 Nbd7 7. a5 a6 8. c3 e5
9. b4 Re8 10. Na3 e4 11. Ne1 d5 12. f3 c6 13. Ra2 h6 14. Nb1 Nf8 15. Nd2 Bf5
16. Nb3 N8d7 17. Nc2 exf3 1/2-1/2

[Event "Bad Woerishofen op"]
[Site "?"]
[Date "2003.??.??"]
[Round "8"]
[White "Schellmann, Frank"]
[Black "Beckmann, Klaus"]
[Result "1-0"]
[WhiteElo "2115"]
[BlackElo "2191"]
[Annotator "ChessOrg"]
[PlyCount "71"]

1. e4 c5 2. Nf3 d6 3. c3 Nf6 4. Be2 g6 5. O-O Bg7 6. Bb5+ Nbd7 7. Re1 O-O 8. d4
a6 9. Bd3 e5 10. dxe5 dxe5 11. a4 b6 12. Na3 Bb7 13. Bg5 Qc7 14. Qe2 Rfe8 15.
h3 h6 16. Bxf6 Nxf6 17. Rad1 Nh5 18. g3 Qc6 19. Bc2 Rad8 20. Nc4 Qc7 21. Rxd8
Rxd8 22. Rd1 b5 23. axb5 axb5 24. Rxd8+ Qxd8 25. Ncxe5 c4 26. Ng4 Qa8 27. Ne1
Qa1 28. e5 Qxb2 29. e6 Qxc3 30. e7 Bc6 31. e8=Q+ Bxe8 32. Qxe8+ Kh7 33. Qxf7
Qxe1+ 34. Kg2 Qb4 35. Qxg6+ Kg8 36. Nxh6+ 1-0

[Event "Bad Woerishofen op"]
[Site "?"]
[Date "2003.??.??"]
[Round "8"]
[White "Schulz, Gert"]
[Black "Meier, Volker"]
[Result "0-1"]
[WhiteElo "2103"]
[BlackElo "2294"]
[Annotator "ChessOrg"]
[PlyCount "84"]

1. d4 Nf6 2. Nf3 e6 3. Bf4 b6 4. e3 Bb7 5. Bd3 c5 6. Nbd2 Be7 7. h3 O-O 8. O-O
cxd4 9. exd4 Re8 10. Qe2 d6 11. c3 Nbd7 12. Ne4 Qc7 13. Rad1 Bf8 14. Nxf6+ Nxf6
15. Bb1 h6 16. Rfe1 Qc6 17. Qf1 g6 18. Bh2 a6 19. Nd2 b5 20. Nb3 Qb6 21. Nd2
Rad8 22. Ne4 Nd5 23. Qd3 Bg7 24. Qg3 e5 25. dxe5 dxe5 26. Qh4 f5 27. Nd2 e4 28.
Nf1 g5 29. Qh5 f4 30. Kh1 Nf6 31. Qe2 Qc6 32. Kg1 Rxd1 33. Rxd1 Qe6 34. Nd2 Bd5
35. b3 Qc6 36. c4 bxc4 37. Nxc4 e3 38. f3 Rc8 39. Ne5 Qe6 40. Ng6 Rc7 41. g3
Qxh3 42. gxf4 Bxf3 0-1

[Event "Bad Woerishofen op"]
[Site "?"]
[Date "2003.??.??"]
[Round "8"]
[White "Wiesbeck, Florian"]
[Black "Engl, Heinz"]
[Result "0-1"]
[WhiteElo "1882"]
[BlackElo "2125"]
[Annotator "ChessOrg"]
[PlyCount "68"]

1. d4 d5 2. c4 e6 3. Nc3 c5 4. cxd5 exd5 5. Nf3 Nc6 6. g3 Nf6 7. Bg2 cxd4 8.
Nxd4 Qb6 9. Nxc6 bxc6 10. O-O Be7 11. Na4 Qa6 12. a3 O-O 13. b4 Bg4 14. Re1
Rfe8 15. Bb2 Rad8 16. Bd4 Nd7 17. Qc2 Bf6 18. Bxf6 Nxf6 19. e3 Re5 20. Nc5 Qc8
21. Nb3 Rd6 22. Rec1 Qe8 23. Nd4 Bd7 24. Qc5 Qb8 25. Rc2 h5 26. Rac1 h4 27. Nf3
Rh5 28. Nxh4 d4 29. Qc4 dxe3 30. fxe3 Ng4 31. Qf4 g5 32. Qf3 gxh4 33. Rxc6 Rxc6
34. Rxc6 Qe5 0-1

[Event "Bad Woerishofen op"]
[Site "?"]
[Date "2003.??.??"]
[Round "8"]
[White "Pohlers, Juergen"]
[Black "Wagner, Franz"]
[Result "1-0"]
[WhiteElo "2144"]
[BlackElo "1806"]
[Annotator "ChessOrg"]
[PlyCount "85"]

1. d4 Nf6 2. c4 e6 3. Nc3 d5 4. Bg5 Be7 5. e3 O-O 6. Nf3 h6 7. Bf4 Nbd7 8. Qb3
c6 9. h3 a5 10. c5 b6 11. cxb6 Nxb6 12. Ne5 Bb7 13. Be2 c5 14. O-O c4 15. Qc2
Nbd7 16. Rfd1 Nxe5 17. dxe5 Nd7 18. e4 Nb6 19. exd5 exd5 20. Bf3 Qd7 21. Be3
Bb4 22. Bxb6 Bxc3 23. bxc3 Ra6 24. Bd4 Bc6 25. Bg4 Qc7 26. Rab1 a4 27. Re1 a3
28. e6 f6 29. e7 Re8 30. Qf5 Ba4 31. Qxd5+ Kh8 32. Qf7 Qf4 33. Rb4 Qd2 34. Qf8+
Kh7 35. Bf5+ g6 36. Qf7+ Kh8 37. Bxf6+ Rxf6 38. Qxf6+ Kg8 39. Be6+ Kh7 40. Qf7+
Kh8 41. Qf8+ Kh7 42. Bg8+ Kh8 43. Bxc4+ 1-0

[Event "Bad Woerishofen op"]
[Site "?"]
[Date "2003.??.??"]
[Round "8"]
[White "Gerstner, Bernhard"]
[Black "Mueller, Manfred"]
[Result "1-0"]
[WhiteElo "2076"]
[BlackElo "2153"]
[Annotator "ChessOrg"]
[PlyCount "75"]

1. d4 Nf6 2. c4 e6 3. Nc3 d5 4. cxd5 exd5 5. Bg5 Nbd7 6. e3 c6 7. Bd3 Qa5 8.
Qc2 Bb4 9. Nge2 O-O 10. O-O Re8 11. a3 Bd6 12. Bf4 Bxf4 13. Nxf4 Nf8 14. b4 Qd8
15. b5 g5 16. Nfe2 Qd6 17. bxc6 Ng4 18. Ng3 bxc6 19. Bf5 Qh6 20. h3 Nf6 21.
Nce2 g4 22. hxg4 Nxg4 23. Bxg4 Bxg4 24. Nf4 Bd7 25. Rab1 Ne6 26. Rb7 Bc8 27.
Nxe6 Rxe6 28. Rc7 Ba6 29. Rb1 Qf6 30. Rxa7 Rxa7 31. Rb8+ Kg7 32. Nh5+ Kh6 33.
Nxf6 Rxf6 34. Rh8 Rg6 35. Qc5 Rb7 36. Qf8+ Kg5 37. Rxh7 Bd3 38. Qh8 1-0

[Event "Bad Woerishofen op"]
[Site "?"]
[Date "2003.??.??"]
[Round "8"]
[White "Lindenmair, Anton"]
[Black "Steiger, Walfried"]
[Result "1-0"]
[WhiteElo "2132"]
[BlackElo "1960"]
[Annotator "ChessOrg"]
[PlyCount "73"]

1. d4 Nf6 2. c4 c5 3. d5 e6 4. Nc3 exd5 5. cxd5 d6 6. e4 g6 7. f4 Bg7 8. Nf3
O-O 9. Be2 Re8 10. e5 dxe5 11. fxe5 Ng4 12. Bg5 Qb6 13. O-O Nxe5 14. d6 Nxf3+
15. Bxf3 Bd4+ 16. Kh1 Qxd6 17. Bd5 Be6 18. Bxb7 Nd7 19. Bxa8 Rxa8 20. Nb5 Qb6
21. Nxd4 cxd4 22. Qd2 Bf5 23. Rfe1 f6 24. Bf4 Nf8 25. Re7 g5 26. Bg3 Ng6 27.
Rc7 Re8 28. Rac1 Re7 29. R7c6 Qb5 30. Qxd4 Be4 31. Rxf6 Qb7 32. Rf2 Nf4 33.
Bxf4 gxf4 34. Qc4+ Kg7 35. Qc3+ Kg6 36. Qd2 Rf7 37. Rcf1 1-0

[Event "Bad Woerishofen op"]
[Site "?"]
[Date "2003.??.??"]
[Round "8"]
[White "Weiland, Guenther"]
[Black "Fries, Werner"]
[Result "1-0"]
[WhiteElo "2007"]
[BlackElo "1612"]
[Annotator "ChessOrg"]
[PlyCount "67"]

1. Nf3 e6 2. c4 b6 3. g3 Bb7 4. Bg2 Nf6 5. O-O Nc6 6. Nc3 d6 7. d4 Qd7 8. e4
O-O-O 9. Re1 e5 10. d5 Ne7 11. Ng5 Ng6 12. Bh3 h6 13. Bxd7+ Rxd7 14. Nh3 Kb8
15. f4 Bc8 16. Nf2 Ne7 17. b4 g6 18. fxe5 dxe5 19. Nd3 Neg8 20. Nxe5 Kb7 21.
Nxd7 Bxd7 22. e5 Nh5 23. Rb1 Ne7 24. g4 Ng7 25. c5 Kb8 26. d6 Nc6 27. Nd5 Ne6
28. dxc7+ Nxc7 29. Nxb6 axb6 30. Qxd7 Kb7 31. e6 Nb8 32. Qxf7 h5 33. g5 Nc6 34.
Bf4 1-0

[Event "Bad Woerishofen op"]
[Site "?"]
[Date "2003.??.??"]
[Round "8"]
[White "Fries, Elisabeth"]
[Black "Hegel, Pius"]
[Result "1-0"]
[WhiteElo "1469"]
[BlackElo "1619"]
[Annotator "ChessOrg"]
[PlyCount "33"]

1. d4 d5 2. Nf3 c6 3. Bf4 Nf6 4. h3 h6 5. e3 Bf5 6. c4 e6 7. Nc3 Bb4 8. a3 Bd6
9. Ne5 Qc7 10. c5 Be7 11. Nxf7 Qd8 12. Nxd8 Bxd8 13. Bd3 Kf7 14. Bxf5 exf5 15.
Qb3 b6 16. f3 Nh5 17. Nxd5 1-0

[Event "Bad Woerishofen op"]
[Site "?"]
[Date "2003.??.??"]
[Round "8"]
[White "Bretscher, Robert"]
[Black "Mathes, Christian"]
[Result "1/2-1/2"]
[WhiteElo "1635"]
[BlackElo "1317"]
[Annotator "ChessOrg"]
[PlyCount "43"]

1. e4 e6 2. d4 d5 3. Nc3 Nf6 4. Bg5 Be7 5. e5 Nfd7 6. h4 a6 7. Qg4 Bxg5 8. hxg5
Qe7 9. Bd3 g6 10. Rh6 Nc6 11. Nf3 Nf8 12. Qf4 Bd7 13. Rh4 O-O-O 14. O-O-O Nb4
15. Be2 Be8 16. Nd2 Kb8 17. Nb3 Nc6 18. Rh3 Nd7 19. Rdh1 Nf8 20. Qe3 Bd7 21.
Qf4 Be8 22. Qe3 1/2-1/2

[Event "Bad Woerishofen op"]
[Site "?"]
[Date "2003.??.??"]
[Round "8"]
[White "Einwiller, Dieter"]
[Black "Pimmingstorfer, Christian"]
[Result "1-0"]
[WhiteElo "2153"]
[BlackElo "2050"]
[Annotator "ChessOrg"]
[PlyCount "95"]

1. d4 d5 2. Nf3 Nf6 3. Bf4 g6 4. e3 Bg7 5. Be2 O-O 6. Ne5 c6 7. c4 Nbd7 8. Nc3
dxc4 9. Nxc4 Nd5 10. Bg3 N5b6 11. O-O Nxc4 12. Bxc4 e5 13. d5 Nb6 14. Bb3 cxd5
15. Nxd5 h5 16. h3 Be6 17. e4 Rc8 18. Rc1 Rc6 19. Rxc6 bxc6 20. Nb4 Qc8 21. Qc2
Bxb3 22. Qxb3 Rd8 23. Rc1 c5 24. Nd5 Nxd5 25. exd5 Qc7 26. Qc4 Qd6 27. Qxc5
Qxd5 28. Qxa7 Ra8 29. Qe7 Rxa2 30. Rc7 Rxb2 31. Qe8+ Kh7 32. Rxf7 Rb7 33. Rxb7
Qxb7 34. Bxe5 Qe4 35. f4 Qe1+ 36. Kh2 h4 37. Qb5 Qg3+ 38. Kg1 Qe1+ 39. Qf1 Qg3
40. Qf2 Bxe5 41. Qxg3 hxg3 42. fxe5 Kg7 43. Kf1 Kf7 44. Ke2 Ke6 45. Kf3 Kxe5
46. Kxg3 Kf5 47. Kh4 Kf6 48. Kg4 1-0